gumball quiz - Statistics

General Stats
  • This quiz has been taken 136 times
  • The average score is 8 of 9
Answer Stats
Question Answer % Correct
blue cat and orange fish's sister anais
98%
orange fish darwin
98%
blue cat gumball
98%
blue cat's girlfriend penny
98%
blue cat and orange fish's dad richard
98%
blue cat and orange fish's neighbor mr robinson
93%
blue cat and orange fish's mom nicole
90%
orange fish's girlfriend carrie
86%
blue cat and orange fish's nemesis rob
83%
No matching quizzes found
Score Distribution
Percent of People with Each Score
Percentile by Number Answered
Your Score History
You have not taken this quiz